<Die> Europäische Nation <die> neue Supermacht vom Atlantik bis zur Ukraine

Salvato in:
Dettagli Bibliografici
Autore principale: Molden, Otto
Natura: Libro
Lingua:tedesco
Pubblicazione: München Herbig 1990
Edizione:1. Aufl.
Soggetti:
Tags: Aggiungi Tag
Nessun Tag, puoi essere il primo ad aggiungerne!!

MARC

LEADER 00000nam a2200000 4500
001 c000557
005 20221215125308.7
020 |a 3-7766-1649-0 
041 0 |a ger 
044 |a DE 
245 1 0 |a <Die> Europäische Nation  |b <die> neue Supermacht vom Atlantik bis zur Ukraine  |c Otto Molden 
250 |a 1. Aufl. 
264 1 |a München  |b Herbig  |c 1990 
300 |a 323 s. 
610 2 0 |a Európa 
610 2 0 |a história 
610 2 0 |a civilizácia 
610 2 0 |a etnografia 
610 2 0 |a východná Európa 
610 2 0 |a vývoj spoločenský 
100 1 |a Molden, Otto